Der Cid lyrisches Drama in 3 Aufzügen /
| Main Author: | Cornelius, Peter, 1824-1874 |
|---|---|
| Other Authors: | Thuille, Ludwig, 1861-1907 |
| Language: | No linguistic content |
| Published: |
Leipzig : Aibl, 1913 |
| Series: |
Universal-Edition
|
| Physical Description: |
9 s. |
| LEADER | 00875ncm a22002412a 4500 | ||
|---|---|---|---|
| 001 | 001240593 | ||
| 003 | CZ BrMZK | ||
| 005 | 20120820081708.0 | ||
| 007 | qu | ||
| 008 | 120820s1913 gw |||||||||||||||||zxx d | ||
| 040 | |a BOA001 |b cze | ||
| 072 | 7 | |a 786 |x Hudba pro klávesové nástroje |2 Konspekt |9 9 | |
| 100 | 1 | |a Cornelius, Peter, |d 1824-1874 |7 ola2002159019 |4 cmp | |
| 245 | 1 | 4 | |a Der Cid |h [hudebnina] : |b lyrisches Drama in 3 Aufzügen / |c Dichtung und Musik von Peter Cornelius ; Ouverture zu 2 Händen (von Ludwig Thuille) |
| 260 | |a Leipzig : |b Aibl, |c 1913 | ||
| 300 | |a 9 s. | ||
| 490 | 1 | |a Universal-Edition ; |v Nr. 1499 | |
| 700 | 1 | |a Thuille, Ludwig, |d 1861-1907 |7 xx0064112 |4 arr | |
| 830 | 0 | |a Universal-Edition | |
| 910 | |a BOA001 |b Mus4-0453.882 | ||
| 990 | |a MU | ||
| 991 | |b 201208 | ||
| 996 | 6 | |b 2619073036 |c Mus4-0453.882 |l MZK |r Sklad / do 1 hodiny |n 0 |w 001274593 |u 000010 |a 1 |e BOA001 |j MZK50 |s P | |
English
Čeština 